Tenuʻat ha-ʻavodah ha-ʻIvrit, me-reshitah ṿe-ʻad ha-ʻaliyah ha-shelishit ; (Record no. 33120)
[ view plain ]
| 000 -LEADER | |
|---|---|
| fixed length control field | 00806cam a22002291 4500 |
| 001 - CONTROL NUMBER | |
| control field | he 68000856 |
| 003 - CONTROL NUMBER IDENTIFIER | |
| control field | DLC |
| 005 - DATE AND TIME OF LATEST TRANSACTION | |
| control field | 20260227111456.0 |
| 008 - FIXED-LENGTH DATA ELEMENTS--GENERAL INFORMATION | |
| fixed length control field | 860909s1964 is ac b 000 0 hebo |
| 010 ## - LIBRARY OF CONGRESS CONTROL NUMBER | |
| LC control number | he 68000856 |
| 035 ## - SYSTEM CONTROL NUMBER | |
| System control number | (OCoLC)14197401 |
| 040 ## - CATALOGING SOURCE | |
| Original cataloging agency | DLC |
| Transcribing agency | CU |
| Modifying agency | DLC |
| 043 ## - GEOGRAPHIC AREA CODE | |
| Geographic area code | a-is--- |
| 050 00 - LIBRARY OF CONGRESS CALL NUMBER | |
| Classification number | HD8761.P33 |
| Item number | M4 |
| 100 1# - MAIN ENTRY--PERSONAL NAME | |
| Personal name | Merom, Shelomoh. |
| 245 10 - TITLE STATEMENT | |
| Title | Tenuʻat ha-ʻavodah ha-ʻIvrit, me-reshitah ṿe-ʻad ha-ʻaliyah ha-shelishit ; |
| Remainder of title | pirḳe limud ṿe-ʻiyun le-talmide bate-sefer, le-morim ule-maśkilim |
| Statement of responsibility, etc. | [me-et] Shelomoh Merom (Ṿilḳomirsḳi) |
| 260 ## - PUBLICATION, DISTRIBUTION, ETC. | |
| Place of publication, distribution, etc. | [Tel-Aviv, |
| Date of publication, distribution, etc. | 1964 or 5] |
| 300 ## - PHYSICAL DESCRIPTION | |
| Extent | 319 p. |
| Other physical details | illus., ports. |
| Dimensions | 22 cm. |
| 500 ## - GENERAL NOTE | |
| General note | Includes bibliographies. |
| 650 #0 - SUBJECT ADDED ENTRY--TOPICAL TERM | |
| Topical term or geographic name entry element | Labor and laboring classes |
| Geographic subdivision | Israel |
| General subdivision | History. |
| 650 #0 - SUBJECT ADDED ENTRY--TOPICAL TERM | |
| Topical term or geographic name entry element | Labor unions |
| Geographic subdivision | Israel |
| General subdivision | History. |
No items available.